00711nam a22002177a 450000500170000001000130001702000220003003500130005203700160006504000120008108200200009310000210011324500950013426000460022927000550027530000250033050000610035565000300041665000330044670000140047920170124105929.0 aA-806300 c00.00a0195036775 aA-806300 bCen Lib/Ret aDPLbEN a394.268283bTAS aTassy, Garcin de aMuslim festivals in india and other essays /cby Garcin de tassy; translated by M. Waseem  aNew Delhi bOxford University Pressc1995 bNew Delhi aYMCA building, jai singh road e110001 avii, 197p.c20cm(Hb) aIncludes appendix, bibliographical references and index  aFasts and feasts -- Islam aIslam -- Religious festivals aM. Waseem